| 000 | 00599nam a22002177a 4500 | ||
|---|---|---|---|
| 005 | 20170124110240.0 | ||
| 010 | _aA-550013 | ||
| 020 | _c00.00 | ||
| 035 | _aA-550013 | ||
| 037 | _bCen Lib/Ret | ||
| 040 |
_aDPL _bEN |
||
| 082 |
_a250.33 _bMER |
||
| 100 |
_aMerani, Shabhu T. _994485 |
||
| 245 |
_aFuture buddha : _cby Shambhu T. Merani _bBodhisttava / |
||
| 260 |
_aDelhi _bU D H Publishers |
||
| 270 |
_bDelhi _a4078, Nai Sadak _e110006 |
||
| 300 |
_a99p.: _c27cm(Hb) _bill. |
||
| 650 |
_aArts _994486 |
||
| 650 |
_aBuddhist art _939125 |
||
| 942 |
_2ddc _cEN _h250.33 _mMER |
||
| 999 |
_c135117 _d135117 |
||